000
00251nam a2200109Ia 4500
008
190912s9999||||xx |||||||||||||| ||und||
100
_a
Ian Sommerville
245
0
_a
Software Engineering
260
_a
USA
_b
Education
_c
2000
300
_a
694
942
_c
BK
999
_c
7683
_d
7683